[Event "AUTO-OPEN-1354"]
[Site "http://www.queenalice.com/game.php?id=501976"]
[Date "2008.12.3"]
[Round "1"]
[White "sebastiam"]
[Black "erojas1"]
[Result "0-1"]
[WhiteElo "1527"]
[BlackElo "1740"]

1. e3 e5 2. e4 c6 3. Qf3 Nf6 4. d4 exd4 5. Bg5 Be7 6. Ne2 Qb6 7. c3 Qxb2 8. Nd2
Qxa1+ 9. Nc1 Qxc1+ 10. Ke2 dxc3 11. g4 cxd2 12. Bg2 Qc4+ 13. Ke3 Qxa2 14. Bxf6
Bxf6 15. h3 Qb2 16. Kf4 h6 17. h4 Qe5+ 18. Ke3 Qc3+ 19. Ke2 Qc1 20. Qd3 b6 21.
g5 hxg5 22. Bf3 Rxh4 23. Rd1 Ba6 24. Rxc1 dxc1=Q 25. e5 Bxd3+ 26. Kxd3 Bxe5 27.
Ke2 Bc3 28. Bg2 g4 29. f3 gxf3+ 30. Kxf3 Bf6 31. Kf2 Qd2+ 32. Kg3 Qf4# 0-1

[Event "AUTO-OPEN-1354"]
[Site "http://www.queenalice.com/game.php?id=501977"]
[Date "2008.12.3"]
[Round "1"]
[White "erojas1"]
[Black "sebastiam"]
[Result "1-0"]
[WhiteElo "1728"]
[BlackElo "1572"]

1. Nf3 e6 2. e4 Nf6 3. e5 Nd5 4. d4 a6 5. Bc4 Nb6 6. b3 d5 7. Bd3 g6 8. Bg5 f6
9. Bxf6 Qd7 10. Bxh8 Bg7 11. Bxg7 Qxg7 12. Nbd2 N8d7 13. Ng5 Nf8 14. O-O h6 15.
Ngf3 Bd7 16. c4 dxc4 17. bxc4 Na4 18. Qb3 b5 19. cxb5 Nb6 20. bxa6 Ba4 21. Bb5+
Bxb5 22. Qxb5+ Nbd7 23. Qb7 Rd8 24. a7 Nb6 25. Rfc1 g5 26. Rxc7 Nfd7 27. Rac1 g4
28. Rc8 gxf3 29. Rxd8+ Kxd8 30. a8=Q+ Nxa8 31. Rc8+ Ke7 32. Nxf3 Nb6 33. Rc6 Na4
34. Rc7 Qg6 35. Rxd7+ Ke8 36. Qc8# 1-0

[Event "Challenge"]
[Site "http://www.queenalice.com/game.php?id=502077"]
[Date "2008.12.3"]
[Round "-"]
[White "filipewao"]
[Black "sebastiam"]
[Result "0-1"]
[WhiteElo "1563"]
[BlackElo "1520"]

1. e4 e5 2. Nf3 Nf6 3. Bc4 Bc5 4. Nxe5 O-O 5. O-O d6 6. Bxf7+ Kh8 7. Bg6 dxe5 8.
d3 hxg6 9. Be3 Bxe3 10. fxe3 Ng4 11. d4 Nxe3 12. Rxf8+ Qxf8 13. Qe2 exd4 14. c3
Bg4 15. Qd3 Qf4 16. Na3 Bf3 17. Rf1 Nxf1 18. Qxf1 Qe3+ 19. Kh1 Be2 20. Qe1 Nc6
21. Nc4 Qd3 22. b3 Rf8 23. h3 Rf1+ 24. Qxf1 Bxf1 25. Nb2 Qg3 0-1

[Event "Challenge"]
[Site "http://www.queenalice.com/game.php?id=503845"]
[Date "2008.12.6"]
[Round "-"]
[White "Gambitshark"]
[Black "sebastiam"]
[Result "1-0"]
[WhiteElo "2705"]
[BlackElo "1520"]

1. e4 e5 2. Nf3 Bd6 3. Bc4 b5 4. Bxb5 Bb7 5. Nc3 Nf6 6. d3 a6 7. Bc4 O-O 8. Bg5
c5 9. Nh4 h6 10. Nf5 hxg5 11. Nxd6 Bc6 12. h4 Qe7 13. Nf5 Qd8 14. hxg5 Nh7 15.
Rxh7 Qxg5 16. Rh5 Qg6 17. Ne7# 1-0

[Event "Challenge"]
[Site "http://www.queenalice.com/game.php?id=503847"]
[Date "2008.12.6"]
[Round "-"]
[White "sebastiam"]
[Black "Gambitshark"]
[Result "0-1"]
[WhiteElo "1508"]
[BlackElo "2707"]

1. e3 f5 2. Nc3 e5 3. a3 Nf6 4. g4 Nxg4 5. Bg2 Qh4 6. Nh3 c6 7. O-O d5 8. f3 Nf6
9. d4 Bd6 10. Qe1 Qxe1 11. Rxe1 O-O 12. f4 e4 13. b4 a5 14. bxa5 Rxa5 15. Bb2 h6
16. Ra2 b5 17. Nf2 Be6 18. h4 Nbd7 19. Ncd1 Rfa8 20. Bc3 Rxa3 21. Rb2 Nb6 22.
Kh1 Na4 23. Rb3 Rxb3 24. cxb3 Nxc3 25. Nxc3 Bb4 26. Rc1 Ra3 27. Rb1 Bxc3 28. b4
Nd7 29. Bf1 Nb6 30. Nd1 Bd2 31. Kh2 Bf7 32. Kg3 Bxe3 33. Rc1 Bxc1+ 34. Kf2 Bxf4
35. Kg2 Bh5 36. Nf2 Ra2 37. Be2 Rxe2 0-1

[Event "Let's Play Chess!"]
[Site "http://www.queenalice.com/game.php?id=505539"]
[Date "2008.12.10"]
[Round "-"]
[White "sebastiam"]
[Black "swordfish"]
[Result "1-0"]
[WhiteElo "1538"]
[BlackElo "1689"]

1. e3 e5 2. g3 f5 3. Bg2 Nf6 4. c3 c5 5. b4 d5 6. Bb2 Nc6 7. Nh3 h6 8. c4 d4 9.
exd4 exd4 10. O-O Be7 11. bxc5 Bxc5 12. Qe2+ Be7 13. d3 O-O 14. Nd2 Re8 15. Bxc6
bxc6 16. Nb3 f4 17. Nxf4 g5 18. Ng6 Be6 19. Qxe6+ Kg7 20. Qf5 Kg8 21. Bxd4 c5
22. Qe6+ Kg7 23. Nxe7 Qxe7 24. Qf5 Rf8 25. h4 g4 26. Rfe1 1-0

[Event "Challenge"]
[Site "http://www.queenalice.com/game.php?id=505761"]
[Date "2008.12.10"]
[Round "-"]
[White "eduardosouza"]
[Black "sebastiam"]
[Result "0-1"]
[WhiteElo "1118"]
[BlackElo "1518"]

1. Nc3 e6 2. e3 g6 3. d4 Bg7 4. Nf3 Nf6 5. Bb5 O-O 6. b3 c6 7. Bc4 Qa5 8. Bd2
Ng4 9. Nh4 h5 10. O-O Qg5 11. g3 f5 12. Na4 d5 13. Qc1 dxc4 14. bxc4 b5 15. cxb5
cxb5 16. Bb4 Rd8 17. Qa3 Nc6 18. Be7 Nxe7 19. f4 Qf6 20. Rfb1 bxa4 21. Nf3 Nd5
22. Ne5 Ndxe3 23. Qxa4 h4 0-1

[Event "Challenge"]
[Site "http://www.queenalice.com/game.php?id=505763"]
[Date "2008.12.10"]
[Round "-"]
[White "danramone"]
[Black "sebastiam"]
[Result "1-0"]
[WhiteElo "1305"]
[BlackElo "1520"]

1. Nf3 e6 2. Nc3 Bb4 3. d4 b6 4. e4 Bb7 5. Be2 Bxe4 6. O-O Bxc3 7. bxc3 g5 8.
Bxg5 f6 9. Bh4 Bxf3 10. Bxf3 Nh6 11. Bxa8 c6 12. Qh5+ Nf7 13. Rae1 Na6 14. Bb7
Nc7 15. Re4 Nb5 16. Rg4 Ke7 17. Rg7 Nd6 18. Ba6 Nf5 19. Qxf7+ Kd6 20. Bxf6 Qf8
21. Be5+ Kd5 22. Qxd7+ Nd6 23. Qxd6+ Qxd6 24. Bxd6 Kxd6 25. Rxa7 h5 26. Rb7 b5
27. Rb6 Ra8 28. Bb7 Rb8 29. Rb1 Rxb7 30. Rxb7 e5 31. Rd1 Kd5 32. Rd3 exd4 33.
cxd4 c5 34. Rd7+ Kc4 35. a3 b4 36. Rd5 Kxd5 37. axb4 cxb4 38. f3 Kc4 39. f4 Kd5
40. f5 Kd6 41. Rf3 Kd5 42. Rf4 Kc4 43. f6 Kc3 44. f7 Kxc2 45. f8=Q b3 46. Qa3 b2
47. Rf2+ Kc1 48. Qxb2+ Kd1 49. Rf1# 1-0

[Event "AUTO-OPEN-1363"]
[Site "http://www.queenalice.com/game.php?id=505872"]
[Date "2008.12.10"]
[Round "1"]
[White "sebastiam"]
[Black "yanpom"]
[Result "0-1"]
[WhiteElo "1523"]
[BlackElo "1806"]

1. c3 e5 2. e4 d6 3. Be2 Nf6 4. Qb3 Be7 5. g4 Nxe4 6. d3 Nc5 7. Qb4 Nc6 8. Qa3
d5 9. b4 Ne6 10. g5 Bxg5 11. Bxg5 Nxg5 12. b5 Ne7 13. Nd2 O-O 14. h4 Ne6 15. Bg4
Nf4 16. Bxc8 Nxd3+ 17. Ke2 Nf4+ 18. Kf1 Rxc8 19. Rc1 Ra8 20. Re1 e4 21. Nh3 Nxh3
22. Rxh3 Qd7 23. c4 dxc4 24. Rxe4 Qxd2 25. Qxe7 c3 26. Rg4 Qd1+ 27. Kg2 Qxg4+
28. Kh2 Qf4+ 29. Rg3 Qxf2+ 30. Kh3 c2 31. Qe5 g6 32. h5 c1=Q 33. hxg6 Qh6+ 34.
Kg4 Qxg6+ 35. Qg5 Qxg5+ 36. Kxg5 Qxg3+ 37. Kh5 f5 38. a4 Qg4+ 39. Kh6 Qg6# 0-1

[Event "AUTO-OPEN-1363"]
[Site "http://www.queenalice.com/game.php?id=505873"]
[Date "2008.12.10"]
[Round "1"]
[White "yanpom"]
[Black "sebastiam"]
[Result "1-0"]
[WhiteElo "1972"]
[BlackElo "1517"]

1. e4 e6 2. e5 b6 3. d4 Bb7 4. Nc3 Bb4 5. Bd2 Bxc3 6. Bxc3 Nh6 7. h3 O-O 8. Bd2
g5 9. Qh5 Nf5 10. Bxg5 f6 11. Bxf6 Qe8 12. Qg5+ Qg6 13. Qxg6+ Ng7 14. Qxg7# 1-0

[Event "AUTO-INT-1137"]
[Site "http://www.queenalice.com/game.php?id=508704"]
[Date "2008.12.16"]
[Round "1"]
[White "anetta007"]
[Black "sebastiam"]
[Result "1-0"]
[WhiteElo "1717"]
[BlackElo "1506"]

1. e4 c6 2. Nf3 Qc7 3. Bc4 d5 4. exd5 cxd5 5. Bxd5 Qd6 6. Bxf7+ Kxf7 7. d3 Bg4
8. h3 Bf5 9. Ng5+ Ke8 10. Qf3 h6 11. Qxb7 Qe5+ 12. Be3 hxg5 13. Qxa8 Qxb2 14.
Bxa7 Qxa1 15. O-O Qe5 16. Bxb8 Bxh3 17. Bxe5+ Kf7 18. Qf3+ Bf5 19. Qxf5+ Nf6 20.
Bxf6 gxf6 21. Re1 Bg7 22. Qe6+ Kg6 23. Qxe7 g4 24. Nd2 g3 25. fxg3 Rf8 26. a4
Rf7 27. Qe8 f5 28. a5 Bd4+ 29. Kh1 Bc5 30. Nf3 Kf6 31. Nh4 f4 32. Qe5# 1-0

[Event "AUTO-INT-1137"]
[Site "http://www.queenalice.com/game.php?id=508705"]
[Date "2008.12.16"]
[Round "1"]
[White "sebastiam"]
[Black "anetta007"]
[Result "1-0"]
[WhiteElo "1494"]
[BlackElo "1669"]

1. e3 c5 2. d4 cxd4 3. exd4 d5 4. f3 Nc6 5. Ne2 e6 6. g3 Bd6 7. Bh3 Bd7 8. O-O
h6 9. Bf4 Bxf4 10. Nxf4 Qb6 11. c3 e5 12. Nxd5 Qxb2 13. Nc7+ Kd8 14. Nxa8 Qxa1
15. Bxd7 Kxd7 16. dxe5+ Ke7 17. Qd6+ Ke8 18. Nc7# 1-0

[Event "AUTO-INT-1137"]
[Site "http://www.queenalice.com/game.php?id=508718"]
[Date "2008.12.16"]
[Round "1"]
[White "sebastiam"]
[Black "georgelin"]
[Result "0-1"]
[WhiteElo "1542"]
[BlackElo "1679"]

1. e3 e5 2. c3 d5 3. b4 Bd7 4. Qb3 Nf6 5. Bb2 Be7 6. c4 dxc4 7. Bxc4 O-O 8. Bxe5
Nc6 9. Bb2 Bf5 10. Nf3 Nxb4 11. Na3 Nd3+ 12. Bxd3 Qxd3 13. Qxd3 Bxd3 14. Rc1 Nd5
15. Ne5 c6 16. Nxd3 Nb4 0-1

[Event "AUTO-INT-1137"]
[Site "http://www.queenalice.com/game.php?id=508719"]
[Date "2008.12.16"]
[Round "1"]
[White "georgelin"]
[Black "sebastiam"]
[Result "1-0"]
[WhiteElo "1668"]
[BlackElo "1553"]

1. e4 e5 2. Nf3 d6 3. Bc4 Be6 4. Bxe6 fxe6 5. d3 Nf6 6. Nc3 d5 7. O-O Bb4 8. Bd2
dxe4 9. dxe4 O-O 10. Nb5 Bxd2 11. Nxd2 Na6 12. Nc3 Qd4 13. Qe2 Rad8 14. Rad1 1-0

[Event "AUTO-INT-1137"]
[Site "http://www.queenalice.com/game.php?id=508720"]
[Date "2008.12.16"]
[Round "1"]
[White "sebastiam"]
[Black "Drito"]
[Result "0-1"]
[WhiteElo "1514"]
[BlackElo "1583"]

1. e3 e5 2. Nf3 e4 3. Ne5 d5 4. Qh5 g6 5. Bb5+ c6 6. Qe2 Nf6 7. O-O cxb5 8.
Qxb5+ Nbd7 9. b4 a6 10. Qa5 Qxa5 11. bxa5 Nxe5 12. Bb2 Neg4 13. h3 Bg7 14. hxg4
O-O 15. g5 Ng4 16. Bxg7 Be6 17. Bxf8 Rxf8 18. Nc3 f6 19. Rab1 fxg5 20. f3 Ne5
21. Rxb7 g4 22. d4 Nc6 23. fxe4 dxe4 24. d5 Nxa5 25. Ra7 Nc4 26. dxe6 Re8 27.
Raf7 Rxe6 28. Rf8+ Kg7 29. R1f7+ Kh6 30. Nd5 g3 31. Rh8 Rd6 32. Rhxh7+ Kg5 33.
Rh3 Rxd5 34. Rc7 Rd1# 0-1

[Event "AUTO-INT-1137"]
[Site "http://www.queenalice.com/game.php?id=508721"]
[Date "2008.12.16"]
[Round "1"]
[White "Drito"]
[Black "sebastiam"]
[Result "1-0"]
[WhiteElo "1601"]
[BlackElo "1506"]

1. e4 e5 2. Nf3 c6 3. Nxe5 Qc7 4. d4 Bd6 5. Nf3 b6 6. e5 Bb4+ 7. c3 Be7 8. Bd3
Ba6 9. O-O d6 10. Re1 dxe5 11. Nxe5 f6 12. Nf3 Nd7 13. g3 Bxd3 14. Qxd3 O-O-O
15. Bf4 Qb7 16. b4 g5 17. Be3 Nh6 18. a3 c5 19. Nbd2 Bf8 20. Qc4 Bd6 21. a4 a5
22. bxa5 bxa5 23. Rab1 Qa8 24. Rb5 Kc7 25. Nb3 Nf5 26. dxc5 Qxf3 27. cxd6+ Kxd6
28. Qd3+ Ke7 29. Bc5+ Kf7 30. Qxf3 Ne5 31. Qxf5 Nd3 32. Re7+ Kf8 33. Rd7+ Ke8
34. Rxd8+ Kxd8 35. Qxf6+ Ke8 36. Qxh8+ Kd7 37. Qd4+ Kc6 38. Qd6# 1-0